Normal view
MARC view
Entry Personal Name
001 - CONTROL NUMBER
- control field: 63753
003 - CONTROL NUMBER IDENTIFIER
- control field: dpl
005 - DATE AND TIME OF LATEST TRANSACTION
- control field: 20240321115138.0
008 - FIXED-LENGTH DATA ELEMENTS
- fixed length control field: 240321|| aca||aabn | a|a d
040 ## - CATALOGING SOURCE
- Original cataloging agency: dpl
- Transcribing agency: dpl
100 ## - HEADING--PERSONAL NAME
- Personal name: Owino Fredrick
670 ## - SOURCE DATA FOUND
- Source citation: Work cat.: (dpl)201693: Owino Fredrick, Transitions In Forest Conservation And Management In Kenya/, 2012
